| 000 | 01049nam a2200289 i 4500 | ||
|---|---|---|---|
| 005 | 20210818182008.0 | ||
| 008 | s1958 xxu gr 000 e eng d | ||
| 020 | _a0393004597 | ||
| 020 | _a9780393004595 | ||
| 040 |
_aCOMFC _bspa _erda |
||
| 041 | _heng | ||
| 245 | 0 | 0 |
_aThe stoic philosophy of Seneca _bEssays and letters of Seneca _cHadas, Moses traductor y editor |
| 264 |
_aNew York _bW - W - Norton & Company _c1958 |
||
| 300 | _a261 páginas | ||
| 336 |
_2rdacontent _atxt |
||
| 337 |
_2rdamedia _an |
||
| 338 |
_2rdacarrier _anc |
||
| 700 | 1 |
_952927 _aHadas, Moses _etrl |
|
| 082 | 0 | 4 |
_a188 _bH152c |
| 600 | 0 |
_95571 _aSéneca, Lucio Anneo, _d4 a. C.-65 a. C. _xCorrespondencia |
|
| 650 | 0 |
_94334 _aFilosofía _vLos primeros trabajos hasta 1800 |
|
| 650 | 0 |
_952928 _aEstoicos _vTrabajos tempranos hasta 1800 |
|
| 650 | 0 |
_94334 _aFilosofía _zRoma _vCorrespondencia |
|
| 650 | 0 |
_914761 _aEstadistas _zRoma _vCorrespondencia |
|
| 650 | 0 |
_952929 _aDramatist Latin _vCorrespondencia |
|
| 942 |
_2ddc _h188 H152c _k188 _mH152c |
||
| 999 |
_c13689 _d13689 |
||